000
00249nam a22000977a 4500
050
_a
QD241
_b
.G55 C.1
100
_a
Gillam A.E.
245
_a
An introduction to Electronic Absorption Spectroscopy in Organic Chemistry
300
_a
ix,326p.
942
_c
GEN
999
_c
2244
_d
2244